| 000 | 00743nam a2200229 u 4500 | ||
|---|---|---|---|
| 005 | 20240314063639.0 | ||
| 008 | 091203s2007 es r 000 0 spa d | ||
| 020 | _a9788467513677 | ||
| 035 | _aUPN01000174114 | ||
| 049 | _aI | ||
| 050 | 4 |
_aPZ7 _bS5.7 |
|
| 100 | 1 |
_aSimon, Francesca, _d1955- |
|
| 245 | 1 | 0 |
_aPablo Diablo y la supermáquina del tiempo / _cFrancesca Simon ; il. de Tony Ross ; tr. Miguel Azaola. |
| 260 |
_aMadrid : _bSM, _c2007. |
||
| 300 |
_a95 p. : _bil. |
||
| 440 | 3 |
_aEl barco de vapor ; _v12 |
|
| 440 | 0 | _aPablo diablo | |
| 534 |
_pTraducción de: _tHorrid Henry and the mega-mean time machine |
||
| 650 | 4 |
_aCuentos infantiles estadounidenses _910762 |
|
| 650 | 4 |
_aCUENTOS HUMORISTICOS _911283 |
|
| 905 | _aInfantil | ||
| 999 |
_c146218 _d146218 |
||